[Event "Pillsbury"]
[Site "Gatineau CAN"]
[Date "2026.01.06"]
[Round "1"]
[White "Gagne, Learry"]
[Black "St-Amour, Mathieu"]
[Result "1/2-1/2"]
[WhiteElo "1297"]
[BlackElo "1360"]
[WhiteFideId "-1"]
[BlackFideId "-1"]
[PlyCount "74"]
[GameId "2265984257755829"]
[EventDate "2026.01.05"]
[EventType "swiss"]
[EventRounds "7"]
[EventCountry "CAN"]

1. d4 Nf6 2. c4 e6 3. Nc3 Bb4 4. e3 d5 5. a3 Bxc3+ 6. bxc3 Nbd7 7. cxd5 exd5 8. Nf3 O-O 9. c4 b6 10. cxd5 Nxd5 11. Bd3 N7f6 12. O-O Bb7 13. Qc2 Ne7 14. e4 Ng6 15. d5 Re8 16. Bd2 Ne5 17. Nxe5 Rxe5 18. Bf4 Re7 19. f3 Nh5 20. Bd2 g6 21. Rfe1 a5 22. Qc3 Qd6 23. g4 Nf4 24. e5 Qxd5 25. Bxf4 Qxf3 26. Qd2 Qh1+ 27. Kf2 Qg2+ 28. Ke3 Qf3+ 29. Kd4 Rd8+ 30. Kc3 Rxd3+ 31. Qxd3 Qxf4 32. Qd8+ Kg7 33. Qxe7 Qf3+ 34. Kd2 Qd5+ 35. Kc3 Qf3+ 36. Kd2 Qd5+ 37. Kc3 Qf3+ 1/2-1/2

[Event "Pillsbury"]
[Site "Gatineau CAN"]
[Date "2026.01.06"]
[Round "1"]
[White "Nasr, Marwan"]
[Black "Lattafi, Ayoub"]
[Result "1-0"]
[WhiteElo "1730"]
[BlackElo "1151"]
[WhiteFideId "-1"]
[BlackFideId "-1"]
[PlyCount "73"]
[GameId "2265984257972929"]
[EventDate "2026.01.05"]
[EventType "swiss"]
[EventRounds "7"]
[EventCountry "CAN"]

1. c4 e5 2. Nc3 Nf6 3. Nf3 Nc6 4. e3 Bc5 5. d4 exd4 6. exd4 Bb4 7. d5 Ne7 8. Bd3 O-O 9. O-O c6 10. Bg5 Bxc3 11. bxc3 Ng6 12. d6 h6 13. Be3 Ne8 14. c5 b6 15. Qb3 bxc5 16. Bxg6 c4 17. Qxc4 Nxd6 18. Qb4 Ba6 19. Rfd1 Be2 20. Rxd6 fxg6 21. Ne5 Rb8 22. Qd4 c5 23. Qd5+ Kh7 24. Nxd7 Rf5 25. Qe6 Rf6 26. Nxf6+ Qxf6 27. Qxf6 gxf6 28. Rd7+ Kh8 29. Bxh6 Bc4 30. h4 Be6 31. Rxa7 Rb2 32. Re1 Bg8 33. Bg7+ Kh7 34. Bxf6+ Kh6 35. Bg5+ Kh5 36. f3 Be6 37. Rh7# 1-0

[Event "Pillsbury"]
[Site "Gatineau CAN"]
[Date "2026.01.06"]
[Round "1"]
[White "Desjardins, Michel"]
[Black "Gagne, Raphael"]
[Result "1-0"]
[WhiteElo "1814"]
[BlackElo "1483"]
[WhiteFideId "-1"]
[BlackFideId "-1"]
[PlyCount "43"]
[GameId "2265984257948351"]
[EventDate "2026.01.05"]
[EventType "swiss"]
[EventRounds "7"]
[EventCountry "CAN"]

1. e4 c5 2. c3 Nf6 3. e5 Nd5 4. Nf3 Nc6 5. d4 cxd4 6. cxd4 d6 7. Bc4 Nb6 8. Bb5 dxe5 9. Nxe5 Bd7 10. Nxd7 Qxd7 11. Nc3 e6 12. O-O Be7 13. Qg4 Bf6 14. Be3 O-O 15. Rfd1 a6 16. Bxc6 Qxc6 17. Ne4 Nd5 18. Rac1 Qb6 19. Rc5 Rac8 20. Bh6 e5 21. Rxd5 exd4 22. Rd6 1-0

[Event "Pillsbury"]
[Site "Gatineau CAN"]
[Date "2026.01.06"]
[Round "1"]
[White "Blais, Robert"]
[Black "Azar, Sebastien"]
[Result "0-1"]
[WhiteElo "1241"]
[BlackElo "2148"]
[WhiteFideId "-1"]
[BlackFideId "-1"]
[PlyCount "52"]
[GameId "2265984257931966"]
[EventDate "2026.01.05"]
[EventType "swiss"]
[EventRounds "7"]
[EventCountry "CAN"]

1. c4 e5 2. Nc3 Nf6 3. g3 d5 4. cxd5 Nxd5 5. Bg2 Be6 6. Nf3 Nc6 7. O-O Be7 8. d3 O-O 9. Bd2 f6 10. a3 a5 11. Rc1 Qd7 12. Qc2 Nxc3 13. Qxc3 a4 14. Be3 Rfd8 15. Nd2 Bd5 16. Bc5 Bxg2 17. Kxg2 Qd5+ 18. f3 Bxc5 19. Qxc5 Ra5 20. Qc4 Rb5 21. Qxd5+ Rdxd5 22. Nc4 Nd4 23. Kf2 Rb3 24. Rc3 Rc5 25. e3 Rxb2+ 26. Kg1 Ne2+ 0-1

[Event "Pillsbury"]
[Site "Gatineau CAN"]
[Date "2026.01.06"]
[Round "1"]
[White "Perrier, Vincent"]
[Black "Thompson, Francis"]
[Result "0-1"]
[WhiteElo "1476"]
[BlackElo "1831"]
[WhiteFideId "-1"]
[BlackFideId "-1"]
[PlyCount "134"]
[GameId "2265984257784502"]
[EventDate "2026.01.05"]
[EventType "swiss"]
[EventRounds "7"]
[EventCountry "CAN"]

1. e4 c5 2. c3 e6 3. d4 d5 4. exd5 exd5 5. Nf3 Nc6 6. Bb5 Bd6 7. O-O Nge7 8. dxc5 Bxc5 9. Nbd2 O-O 10. Nb3 Bb6 11. Nfd4 a6 12. Be2 Nf5 13. Nxf5 Bxf5 14. Bf3 Be4 15. Nd2 Bxf3 16. Nxf3 d4 17. cxd4 Nxd4 18. Nxd4 Bxd4 19. Qf3 Qb6 20. Rb1 Rac8 21. Be3 Bxe3 22. Qxe3 Qxe3 23. fxe3 Rc2 24. Rf2 Rfc8 25. Rd1 Rxf2 26. Kxf2 Rc2+ 27. Ke1 g6 28. Rd2 Rc1+ 29. Ke2 Kg7 30. Rd7 Rc2+ 31. Rd2 Rc6 32. g4 g5 33. b4 b5 34. h3 Rh6 35. Rd5 Rxh3 36. Rxg5+ Kf6 37. Rf5+ Kg6 38. Rf3 Rh1 39. a3 Rg1 40. Rf5 Ra1 41. Rc5 Rxa3 42. Rc6+ f6 43. Kf3 Ra4 44. e4 Rxb4 45. Rxa6 Rc4 46. Rb6 Rc5 47. Rb8 Rg5 48. Rg8+ Kf7 49. Rh8 Kg7 50. Rb8 h5 51. gxh5 Rxh5 52. Rb7+ Kg6 53. Rb6 Re5 54. Rb8 Rh5 55. Rg8+ Kf7 56. Rb8 Rh3+ 57. Kf4 Rh4+ 58. Kf5 Rh5+ 59. Kf4 Rc5 60. Rb6 Ke7 61. Rb7+ Kd6 62. Rb6+ Kc7 63. Rxf6 b4 64. e5 b3 65. e6 b2 66. e7 b1=Q 67. e8=Q Qf1+ 0-1

[Event "Pillsbury"]
[Site "Gatineau CAN"]
[Date "2026.01.06"]
[Round "1"]
[White "Lattafi, Youcef"]
[Black "Collin, Achille"]
[Result "1-0"]
[WhiteElo "2104"]
[BlackElo "1495"]
[WhiteFideId "-1"]
[BlackFideId "-1"]
[PlyCount "81"]
[GameId "2265984257923773"]
[EventDate "2026.01.05"]
[EventType "swiss"]
[EventRounds "7"]
[EventCountry "CAN"]

1. e4 d6 2. d4 Nf6 3. Nc3 g6 4. Nf3 Bg7 5. Be2 O-O 6. O-O e5 7. dxe5 dxe5 8. Bg5 Nbd7 9. Qc1 c6 10. a4 a5 11. Re1 Qc7 12. Nd2 Nc5 13. Be3 Ne6 14. Nd1 Bd7 15. c3 b5 16. Qc2 Ne8 17. Nb3 Nd6 18. Nc5 Nxc5 19. Bxc5 Rfb8 20. Bxd6 Qxd6 21. Ne3 Be6 22. axb5 cxb5 23. Bg4 Bxg4 24. Nxg4 a4 25. Ne3 a3 26. Red1 Qc5 27. b4 Qc6 28. Nd5 Bf8 29. Qb3 Qc4 30. Qxc4 bxc4 31. Ra2 f5 32. f3 fxe4 33. fxe4 Rb7 34. Rda1 Bh6 35. Rxa3 Rxa3 36. Rxa3 Kf7 37. Kf1 Ke6 38. Ra6+ Kd7 39. Ke2 Bg5 40. Ra5 Kd6 41. Rc5 1-0

[Event "Pillsbury"]
[Site "Gatineau CAN"]
[Date "2026.01.13"]
[Round "2"]
[White "Filion, Yves"]
[Black "Dupont-Mageau, Nicolas"]
[Result "0-1"]
[WhiteElo "1436"]
[BlackElo "1800"]
[WhiteFideId "-1"]
[BlackFideId "-1"]
[PlyCount "76"]
[GameId "2266922647127427"]
[EventDate "2026.01.05"]
[EventType "swiss"]
[EventRounds "7"]
[EventCountry "CAN"]

1. d4 c5 2. e3 e6 3. Nf3 Nc6 4. c3 Nf6 5. Bd3 d5 6. Qc2 c4 7. Be2 b5 8. b4 a5 9. a3 axb4 10. cxb4 Bxb4+ 11. Bd2 Bxd2+ 12. Nbxd2 b4 13. a4 b3 14. Nxb3 cxb3 15. Qxc6+ Bd7 16. Qc5 Ne4 17. Qb4 Qa5 18. Qxa5 Rxa5 19. O-O Nc3 20. Bd3 Ke7 21. Ne5 Rxa4 22. Nxd7 Rxa1 23. Rxa1 Kxd7 24. Ra7+ Kc6 25. Ra6+ Kc7 26. Ra7+ Kd6 27. Ra6+ Ke7 28. Ra7+ Kf6 29. Rc7 Ra8 30. g3 Ra1+ 31. Kg2 Na2 32. Rb7 Nc1 33. Bf1 Ra2 34. e4 dxe4 35. Bc4 e3 36. Kf1 Rxf2+ 37. Ke1 b2 38. Rb3 Nxb3 0-1

[Event "Pillsbury"]
[Site "Gatineau CAN"]
[Date "2026.01.13"]
[Round "2"]
[White "St-Amour, Mathieu"]
[Black "Chenier, Raphael"]
[Result "0-1"]
[WhiteElo "1360"]
[BlackElo "1588"]
[WhiteFideId "-1"]
[BlackFideId "-1"]
[PlyCount "76"]
[GameId "2266922647188869"]
[EventDate "2026.01.05"]
[EventType "swiss"]
[EventRounds "7"]
[EventCountry "CAN"]

1. Nf3 f5 2. d3 Nf6 3. Nc3 g6 4. e4 d6 5. exf5 Bxf5 6. d4 Bg7 7. Bd3 Bxd3 8. Qxd3 O-O 9. Bg5 Nbd7 10. O-O-O c6 11. h4 b5 12. Rde1 Re8 13. Nh2 Qa5 14. Kb1 Rab8 15. g4 c5 16. dxc5 Nxc5 17. Qf3 Na4 18. Nd5 Nxd5 19. Qxd5+ Kh8 20. Bd2 Qc7 21. Re3 Nxb2 22. Nf3 Nc4 23. Bc3 Nxe3 24. Bxg7+ Kxg7 25. Qd4+ e5 26. Qxe3 Rbc8 27. Rc1 Rf8 28. Ng5 Qe7 29. Rd1 Rf4 30. f3 Rfc4 31. Rd2 Rd8 32. Qb3 d5 33. Qe3 h6 34. Ne4 dxe4 35. Rxd8 Qxd8 36. Qxa7+ Qc7 37. Qf2 exf3 38. h5 Rxc2 0-1

[Event "Pillsbury"]
[Site "Gatineau CAN"]
[Date "2026.01.13"]
[Round "2"]
[White "Schaper, Grant"]
[Black "Brault, Jean-Francois"]
[Result "1/2-1/2"]
[WhiteElo "1356"]
[BlackElo "1533"]
[WhiteFideId "-1"]
[BlackFideId "-1"]
[PlyCount "81"]
[GameId "2266922647209352"]
[EventDate "2026.01.05"]
[EventType "swiss"]
[EventRounds "7"]
[EventCountry "CAN"]

1. e4 c5 2. Nf3 b6 3. d4 cxd4 4. Nxd4 Bb7 5. Bd3 Nc6 6. Nxc6 Bxc6 7. Nc3 e6 8. O-O Bd6 9. Qg4 g6 10. Bf4 Nf6 11. Qh4 Bxf4 12. Qxf4 O-O 13. e5 Nd5 14. Nxd5 Bxd5 15. c4 Bc6 16. Rad1 Qc7 17. Qf6 Qd8 18. Rfe1 Rc8 19. Be4 Qxf6 20. exf6 Rfd8 21. Rd6 Kf8 22. b3 Ke8 23. f3 Bxe4 24. fxe4 Rc5 25. Kf2 Rdc8 26. Red1 R8c7 27. Ke3 e5 28. Kf3 b5 29. cxb5 Rxb5 30. Ke3 Rb6 31. Rxb6 axb6 32. Rd5 Rc5 33. Kd3 Rxd5+ 34. exd5 d6 35. a4 Kd7 36. Ke4 Kc7 37. b4 Kb7 38. g3 h6 39. h3 Ka6 40. Ke3 Kb7 41. Ke4 1/2-1/2

[Event "Pillsbury"]
[Site "Gatineau CAN"]
[Date "2026.01.13"]
[Round "2"]
[White "Scrieciu, Cristian"]
[Black "Bachand, Dominic"]
[Result "1-0"]
[WhiteElo "1717"]
[BlackElo "1241"]
[WhiteFideId "-1"]
[BlackFideId "-1"]
[PlyCount "97"]
[GameId "2266922647221642"]
[EventDate "2026.01.05"]
[EventType "swiss"]
[EventRounds "7"]
[EventCountry "CAN"]

1. e4 e5 2. Nf3 Nc6 3. Bb5 Nf6 4. d3 Nd4 5. Nxd4 exd4 6. O-O a6 7. Bc4 Ng4 8. Bxf7+ Kxf7 9. Qxg4 d6 10. Qh5+ g6 11. Qd5+ Be6 12. Qxd4 Bg7 13. Qe3 Rf8 14. Nc3 Kg8 15. Bd2 c5 16. Rab1 Qh4 17. Qg3 Qe7 18. Bg5 Qd7 19. Bf4 d5 20. Bd6 Rfc8 21. exd5 Bf7 22. Rfe1 Bxc3 23. bxc3 Bxd5 24. Re7 Qf5 25. c4 Bc6 26. Qe5 Qxe5 27. Rxe5 Ba4 28. Rxb7 Re8 29. c3 Rxe5 30. Bxe5 Bc2 31. d4 Bd3 32. dxc5 Bxc4 33. a3 Rc8 34. Rb8 Rxb8 35. Bxb8 Bd5 36. f3 Kf7 37. Kf2 Ke6 38. Ke3 Kd7 39. Kd4 Kc6 40. Bd6 h5 41. Ke5 Bc4 42. g4 hxg4 43. fxg4 Bd3 44. h4 Be2 45. Kf6 Bxg4 46. Kxg6 Bf3 47. h5 Kd7 48. h6 Ke6 49. h7 1-0

[Event "Pillsbury"]
[Site "Gatineau CAN"]
[Date "2026.01.13"]
[Round "2"]
[White "Arsenault, Michel"]
[Black "Lattafi, Youcef"]
[Result "0-1"]
[WhiteElo "1666"]
[BlackElo "2104"]
[WhiteFideId "-1"]
[BlackFideId "-1"]
[PlyCount "68"]
[GameId "2266922647225739"]
[EventDate "2026.01.05"]
[EventType "swiss"]
[EventRounds "7"]
[EventCountry "CAN"]

1. c4 e5 2. g3 d6 3. Bg2 f5 4. Nc3 Nf6 5. e3 Be7 6. Nge2 O-O 7. d4 c6 8. O-O a5 9. b3 e4 10. h4 Na6 11. Nf4 Nc7 12. d5 Qe8 13. f3 exf3 14. Bxf3 c5 15. Re1 b5 16. Ne6 Nxe6 17. dxe6 Bxe6 18. Bxa8 Qxa8 19. cxb5 d5 20. Rf1 Qb8 21. Ne2 Qxb5 22. Nf4 Bf7 23. Qd3 Qd7 24. Bb2 Ne4 25. Kg2 Qb7 26. Kh2 c4 27. Qc2 c3 28. Bxc3 Rc8 29. Ne2 Bf6 30. Rac1 Bxc3 31. Rf4 Bh5 32. Nd4 g6 33. Ne6 Qb6 34. Qd3 Qxe6 0-1

[Event "Pillsbury"]
[Site "Gatineau CAN"]
[Date "2026.01.13"]
[Round "2"]
[White "Filion, Samuel"]
[Black "Viel, Simon"]
[Result "1-0"]
[WhiteElo "1854"]
[BlackElo "1464"]
[WhiteFideId "-1"]
[BlackFideId "-1"]
[PlyCount "193"]
[GameId "2266922647229836"]
[EventDate "2026.01.05"]
[EventType "swiss"]
[EventRounds "7"]
[EventCountry "CAN"]

1. e4 c6 2. d4 d5 3. exd5 cxd5 4. Bd3 Nf6 5. Nf3 Nc6 6. c3 Bg4 7. O-O e6 8. h3 Bh5 9. Bf4 Bd6 10. Bxd6 Qxd6 11. Nbd2 Bg6 12. Qe2 Bxd3 13. Qxd3 Qf4 14. Qb5 Qc7 15. a4 O-O 16. Rfe1 Rfe8 17. Ne5 Rac8 18. Qd3 Na5 19. Re3 a6 20. Rg3 Nc4 21. Ndxc4 dxc4 22. Qf3 Kf8 23. Qe3 h6 24. Rf3 Qe7 25. g4 Kg8 26. Kh1 b5 27. axb5 axb5 28. g5 hxg5 29. Qxg5 Ne4 30. Qh5 Qb7 31. Qxf7+ Qxf7 32. Rxf7 Rf8 33. Rxf8+ Rxf8 34. f3 Ng5 35. Kg2 Nf7 36. Ng6 Rb8 37. Ra6 Nd8 38. Ne5 Kh7 39. Nc6 Nxc6 40. Rxc6 b4 41. Rxc4 bxc3 42. bxc3 Rb2+ 43. Kg3 Kg6 44. Rc8 Rd2 45. Kf4 Kf6 46. Rc7 Rh2 47. Kg3 Rd2 48. h4 Rd1 49. Rc5 Rg1+ 50. Kf4 Rd1 51. h5 Rd2 52. Ke3 Rd1 53. Ke2 Rh1 54. Re5 Rc1 55. Kd3 Rf1 56. Re3 Rh1 57. c4 Rxh5 58. c5 Rh1 59. Kc4 Rd1 60. Rd3 Rc1+ 61. Rc3 Rd1 62. c6 Ke7 63. Kc5 Rb1 64. d5 exd5 65. Kxd5 Kd8 66. Ke6 Kc7 67. Kf5 Rg1 68. Rc4 Rf1 69. f4 Rg1 70. Ke6 Re1+ 71. Kd5 Rd1+ 72. Rd4 Rc1 73. Rc4 Rd1+ 74. Ke6 Re1+ 75. Kf7 Rg1 76. Rc5 Rf1 77. Rf5 Kxc6 78. Kxg7 Kd6 79. Kf7 Rg1 80. Rg5 Rf1 81. f5 Ra1 82. f6 Ra7+ 83. Kg6 Kd7 84. Re5 Ra4 85. f7 Rf4 86. Kg7 Rg4+ 87. Kf6 Rf4+ 88. Kg7 Rg4+ 89. Kf8 Rf4 90. Re1 Rg4 91. Rd1+ Kc7 92. Ke7 Re4+ 93. Kf6 Rf4+ 94. Ke6 Rf3 95. Rd5 Rf4 96. Rf5 Re4+ 97. Kf6 1-0

[Event "Pillsbury"]
[Site "Gatineau CAN"]
[Date "2026.01.13"]
[Round "2"]
[White "Collin, Achille"]
[Black "Blais, Robert"]
[Result "1-0"]
[WhiteElo "1495"]
[BlackElo "1241"]
[WhiteFideId "-1"]
[BlackFideId "-1"]
[PlyCount "57"]
[GameId "2266922647233933"]
[EventDate "2026.01.05"]
[EventType "swiss"]
[EventRounds "7"]
[EventCountry "CAN"]

1. c4 c5 2. g3 g6 3. Bg2 Bg7 4. e4 Nc6 5. d3 d6 6. h3 Qb6 7. Nc3 e6 8. Nge2 Nge7 9. O-O Bd7 10. Bf4 e5 11. Bc1 O-O 12. f4 Nd4 13. Nxd4 cxd4 14. Nd5 Nxd5 15. exd5 f5 16. fxe5 dxe5 17. Qe2 Rfe8 18. Bd2 a5 19. Kh2 Bf8 20. b3 Bd6 21. Rae1 Qd8 22. Bf3 g5 23. Bh5 Rf8 24. g4 f4 25. Qe4 Rf6 26. c5 Bxc5 27. Qxe5 Raa6 28. Qxg5+ Kh8 29. Bxf4 1-0

[Event "Pillsbury"]
[Site "Gatineau CAN"]
[Date "2026.01.27"]
[Round "3"]
[White "Schaper, Grant"]
[Black "St-Amour, Mathieu"]
[Result "1/2-1/2"]
[WhiteElo "1356"]
[BlackElo "1360"]
[WhiteFideId "-1"]
[BlackFideId "-1"]
[PlyCount "89"]
[GameId "2271798019829771"]
[EventDate "2026.01.05"]
[EventType "swiss"]
[EventRounds "7"]
[EventCountry "CAN"]

1. e4 c5 2. Nf3 e6 3. d4 cxd4 4. Nxd4 a6 5. Nc3 b5 6. a3 Bb7 7. Bd3 Nc6 8. Nxc6 Bxc6 9. O-O Ne7 10. Bf4 Ng6 11. Bg3 Be7 12. Re1 d6 13. Rb1 O-O 14. Qe2 Rb8 15. h3 Rb7 16. Qh5 Bh4 17. Bxh4 Qxh4 18. Qxh4 Nxh4 19. Ne2 e5 20. Nc3 Bd7 21. Re3 Ng6 22. Nd5 Be6 23. c4 bxc4 24. Bxc4 a5 25. Rb3 Rxb3 26. Bxb3 Rc8 27. Nb6 Rc6 28. Bxe6 fxe6 29. Na4 Rc4 30. Nc3 Rc5 31. Rd1 Rc6 32. Nb5 d5 33. exd5 exd5 34. Rxd5 Rc1+ 35. Kh2 Rc2 36. Kg3 Rxb2 37. Nd6 Rb3+ 38. Kh2 Rxa3 39. Nc4 Ra2 40. Rxa5 Rxa5 41. Nxa5 Kf7 42. Kg3 Kf6 43. Nc4 h5 44. Ne3 Nf4 45. h4 1/2-1/2

[Event "Pillsbury"]
[Site "Gatineau CAN"]
[Date "2026.01.27"]
[Round "3"]
[White "Seguin, Hubert"]
[Black "Rhayem, Haythem"]
[Result "1-0"]
[WhiteElo "1512"]
[BlackElo "1511"]
[WhiteFideId "-1"]
[BlackFideId "-1"]
[PlyCount "105"]
[GameId "2271798019870737"]
[EventDate "2026.01.05"]
[EventType "swiss"]
[EventRounds "7"]
[EventCountry "CAN"]

1. e4 c6 2. d4 d5 3. e5 Bf5 4. Nf3 e6 5. Be2 Nd7 6. O-O Ne7 7. Nh4 c5 8. Nxf5 Nxf5 9. c3 Qb6 10. g4 Ne7 11. Na3 Nc6 12. Nc2 Be7 13. Kh1 O-O-O 14. f4 Rdf8 15. f5 h6 16. Rb1 a5 17. Be3 Kd8 18. Qd2 cxd4 19. cxd4 Nb4 20. Nxb4 Bxb4 21. Qd3 Nb8 22. Rbc1 Nc6 23. fxe6 fxe6 24. Rxf8+ Bxf8 25. Qb5 Qxb5 26. Bxb5 Na7 27. Bd3 Be7 28. a3 h5 29. g5 h4 30. Rf1 h3 31. Rf7 Nc6 32. Rxg7 Rh4 33. Rh7 Rg4 34. g6 Bf8 35. Rxb7 Ne7 36. Rb8+ Nc8 37. Ba6 Rxg6 38. Rxc8+ Ke7 39. Rc7+ Kd8 40. Rf7 Ke8 41. Rb7 Rg2 42. Bb5+ Kd8 43. Rb8+ Ke7 44. Bc6 Re2 45. Bg5+ Kf7 46. Be8+ Kg8 47. Bh4 Rd2 48. Bh5 Rxd4 49. Be7 Rf4 50. Rxf8+ Rxf8 51. Bxf8 Kxf8 52. Kg1 Kg7 53. b4 1-0

[Event "Pillsbury"]
[Site "Gatineau CAN"]
[Date "2026.01.27"]
[Round "3"]
[White "Desjardins, Michel"]
[Black "Tsanov, Denise"]
[Result "1/2-1/2"]
[WhiteElo "1814"]
[BlackElo "1402"]
[WhiteFideId "-1"]
[BlackFideId "-1"]
[PlyCount "49"]
[GameId "2272159020308869"]
[EventDate "2026.01.05"]
[EventType "swiss"]
[EventRounds "7"]
[EventCountry "CAN"]

1. e4 c5 2. c3 Nf6 3. e5 Nd5 4. Nf3 Nc6 5. d4 cxd4 6. cxd4 d6 7. Bc4 Nb6 8. Bb5 dxe5 9. Nxe5 Bd7 10. Nxd7 Nxd7 11. Nc3 e6 12. d5 exd5 13. Nxd5 Be7 14. O-O O-O 15. Nxe7+ Qxe7 16. Re1 Qc5 17. Ba4 Rad8 18. Bb3 Nde5 19. Qe2 Nd3 20. Be3 Qe5 21. Reb1 Nd4 22. Qd1 Nc5 23. Bxd4 Rxd4 24. Qc2 Rfd8 25. Rd1 1/2-1/2

[Event "Pillsbury"]
[Site "Gatineau CAN"]
[Date "2026.01.13"]
[Round "2"]
[White "Azar, Sebastien"]
[Black "Desjardins, Michel"]
[Result "1-0"]
[WhiteElo "2148"]
[BlackElo "1814"]
[WhiteFideId "-1"]
[BlackFideId "-1"]
[PlyCount "47"]
[GameId "2272159020415381"]
[EventDate "2026.01.05"]
[EventType "swiss"]
[EventRounds "7"]
[EventCountry "CAN"]

1. e4 d5 2. exd5 Qxd5 3. Nc3 Qd6 4. d4 Nf6 5. Nf3 g6 6. Bc4 Bg7 7. O-O a6 8. a4 O-O 9. Re1 Nc6 10. h3 Bf5 11. Bg5 Rad8 12. Qe2 Nxd4 13. Nxd4 Qxd4 14. Rad1 Qc5 15. Rxd8 Rxd8 16. Qxe7 Qxe7 17. Rxe7 Rd7 18. Nd5 Rxe7 19. Nxe7+ Kf8 20. Nxf5 gxf5 21. c3 Ne4 22. Bf4 c6 23. f3 Nf6 24. Bd3 1-0

[Event "Pillsbury"]
[Site "Gatineau CAN"]
[Date "2026.01.27"]
[Round "3"]
[White "Gagne, Raphael"]
[Black "Scrieciu, Cristian"]
[Result "0-1"]
[WhiteElo "1483"]
[BlackElo "1717"]
[WhiteFideId "-1"]
[BlackFideId "-1"]
[PlyCount "90"]
[GameId "2273131113718318"]
[EventDate "2026.01.05"]
[EventType "swiss"]
[EventRounds "7"]
[EventCountry "CAN"]
[BlackTeam "CA"]

1. e4 c6 2. d4 d5 3. exd5 cxd5 4. Bd3 Nc6 5. c3 Nf6 6. Bf4 Bg4 7. Qb3 Qd7 8. Nd2 e6 9. Ngf3 Bd6 10. Ne5 Qc7 11. Nxg4 Nxg4 12. Bxd6 Qxd6 13. Nf3 O-O 14. h3 Nf6 15. O-O a6 16. a4 Na5 17. Qa2 Rac8 18. Ne5 Nd7 19. f4 Nf6 20. b4 Nc6 21. Rae1 Ne7 22. Qc2 Rc7 23. Rf3 g6 24. g4 Rfc8 25. Bf1 Qxb4 26. cxb4 Rxc2 27. b5 a5 28. b6 Nc6 29. Rd3 Rb2 30. Rc3 Rxb6 31. Rec1 Rb4 32. Nxc6 bxc6 33. Rxc6 Rxc6 34. Rxc6 Rxa4 35. f5 Rxd4 36. fxe6 fxe6 37. Rxe6 Ne4 38. Ra6 Ra4 39. Bb5 Ra1+ 40. Kg2 Nc3 41. Bc6 a4 42. Ra5 a3 43. Bxd5+ Nxd5 44. Rxd5 a2 45. Ra5 Kf7 0-1

[Event "Pillsbury"]
[Site "Gatineau CAN"]
[Date "2026.01.13"]
[Round "2"]
[White "Mallette, Mathieu"]
[Black "Seguin, Hubert"]
[Result "0-1"]
[WhiteElo "1311"]
[BlackElo "1512"]
[WhiteFideId "-1"]
[BlackFideId "-1"]
[PlyCount "58"]
[GameId "2273131113808433"]
[EventDate "2026.01.05"]
[EventType "swiss"]
[EventRounds "7"]
[EventCountry "CAN"]

1. d4 d5 2. c4 c6 3. Nc3 Nf6 4. Nf3 Bf5 5. e3 h6 6. Bd3 Bxd3 7. Qxd3 e6 8. O-O Be7 9. Re1 O-O 10. e4 dxe4 11. Nxe4 Nxe4 12. Qxe4 Nd7 13. b3 Nf6 14. Qc2 Qc7 15. Bb2 Rfd8 16. Rad1 Rac8 17. Ne5 b5 18. c5 Nd5 19. a3 Bf6 20. Bc1 Bxe5 21. dxe5 Ne7 22. Rd6 Nf5 23. Qc3 Qe7 24. Rdd1 Rxd1 25. Rxd1 Rd8 26. Rxd8+ Qxd8 27. Qf3 Qd4 28. g4 Nh4 29. Qg3 Qd1# 0-1

[Event "Pillsbury"]
[Site "Gatineau CAN"]
[Date "2026.01.27"]
[Round "3"]
[White "Brault, Jean-Francois"]
[Black "Mallette, Mathieu"]
[Result "1-0"]
[WhiteElo "1533"]
[BlackElo "1311"]
[WhiteFideId "-1"]
[BlackFideId "-1"]
[PlyCount "71"]
[GameId "2273131113812532"]
[EventDate "2026.01.05"]
[EventType "swiss"]
[EventRounds "7"]
[EventCountry "CAN"]
[TimeControl "90+30"]

1. e4 c6 2. Nf3 d5 3. exd5 cxd5 4. d4 Nc6 5. Bf4 Nf6 6. c3 e6 7. Nbd2 Bd6 8. Bg3 Qc7 9. Bd3 O-O 10. Bxd6 Qxd6 11. O-O Re8 12. Re1 Bd7 13. Ne5 Bc8 14. Ndf3 Ne7 15. Ng5 Rf8 16. f4 h6 17. Ngf3 Ng6 18. Bxg6 fxg6 19. Nh4 Ne4 20. Nhxg6 Rf6 21. g3 Bd7 22. Nxd7 Qxd7 23. Ne5 Qc7 24. Re2 Raf8 25. Qa4 Nxc3 26. bxc3 Qxc3 27. Rae1 Rf5 28. Re3 Qd2 29. R1e2 Qc1+ 30. Kg2 g5 31. Ng6 R8f7 32. Qe8+ Kg7 33. Rxe6 R5f6 34. f5 Qf1+ 35. Kxf1 Rxf5+ 36. Kg2 1-0

[Event "Pillsbury"]
[Site "Gatineau CAN"]
[Date "2026.01.13"]
[Round "2"]
[White "Desroches, Maxime"]
[Black "Zebaze, Dylane"]
[Result "0-1"]
[WhiteElo "1778"]
[BlackElo "1912"]
[WhiteFideId "-1"]
[BlackFideId "-1"]
[PlyCount "138"]
[GameId "2273131113816630"]
[EventDate "2026.01.05"]
[EventType "swiss"]
[EventRounds "7"]
[EventCountry "CAN"]

1. e4 e6 2. b3 d5 3. Bb2 dxe4 4. Nc3 Nf6 5. Qe2 Be7 6. Nxe4 O-O 7. Nf3 b6 8. O-O-O a5 9. d4 a4 10. Kb1 Bb7 11. Nc3 axb3 12. cxb3 Nc6 13. Qd2 Nb4 14. Bd3 Nfd5 15. a4 Nxd3 16. Qxd3 Nxc3+ 17. Qxc3 Be4+ 18. Kc1 Qd5 19. Rhe1 Bf6 20. Qe3 Bxf3 21. Qxf3 Qxf3 22. gxf3 Rfd8 23. Kc2 Rd5 24. Kc3 c5 25. Kc4 Rad8 26. Re4 Kf8 27. b4 cxb4 28. Kxb4 Be7+ 29. Kb3 Ra8 30. Re5 b5 31. axb5 Ra5 32. Ra1 Raxb5+ 33. Kc2 Bd6 34. Re4 Ke7 35. h4 Rf5 36. Re3 Rf4 37. Ra7+ Kf6 38. Ra6 Rd5 39. Rxd6 Rxd6 40. d5+ Kg6 41. Be5 Rc4+ 42. Kb3 exd5 43. Bxd6 Rxh4 44. Bg3 Rh1 45. Rd3 h5 46. Rxd5 h4 47. Rd4 hxg3 48. fxg3 f5 49. g4 Rh3 50. Rf4 fxg4 51. Rxg4+ Kh6 52. Kc2 Rxf3 53. Kd2 g5 54. Ke2 Rf5 55. Rg2 Kh5 56. Rg3 Kh4 57. Rc3 g4 58. Rc8 Kh3 59. Rh8+ Kg2 60. Rg8 g3 61. Rg7 Rf6 62. Rh7 Kg1 63. Rg7 g2 64. Rg8 Rf8 65. Rg7 Re8+ 66. Kf3 Kf1 67. Ra7 g1=Q 68. Ra1+ Re1 69. Ra2 Qe3+ 0-1

[Event "Pillsbury"]
[Site "Gatineau CAN"]
[Date "2026.01.13"]
[Round "2"]
[White "Gagne, Raphael"]
[Black "Thibeault, Alain"]
[Result "1-0"]
[WhiteElo "1483"]
[BlackElo "1166"]
[WhiteFideId "-1"]
[BlackFideId "-1"]
[PlyCount "49"]
[GameId "2273131113824825"]
[EventDate "2026.01.05"]
[EventType "swiss"]
[EventRounds "7"]
[EventCountry "CAN"]

1. e4 c5 2. Nf3 e6 3. Nc3 Nc6 4. d4 cxd4 5. Nxd4 a6 6. Bc4 Bb4 7. O-O Bxc3 8. bxc3 Nge7 9. Bf4 d6 10. Nxc6 bxc6 11. Qxd6 Qxd6 12. Bxd6 Ra7 13. Rab1 O-O 14. Rfd1 Rd7 15. Bxe7 Rxe7 16. Rb6 Rd7 17. Rxd7 Bxd7 18. Bxa6 c5 19. Bb5 Bxb5 20. Rxb5 h6 21. Kf1 c4 22. a4 f5 23. exf5 Rxf5 24. Rxf5 exf5 25. a5 1-0

[Event "Pillsbury"]
[Site "Gatineau CAN"]
[Date "2026.01.27"]
[Round "3"]
[White "Bergeron-Collin, Laurent"]
[Black "Desroches, Maxime"]
[Result "0-1"]
[WhiteElo "1292"]
[BlackElo "1529"]
[WhiteFideId "-1"]
[BlackFideId "-1"]
[PlyCount "62"]
[GameId "2274170420424719"]
[EventDate "2026.01.05"]
[EventType "swiss"]
[EventRounds "7"]
[EventCountry "CAN"]

1. c4 e6 2. Nc3 d5 3. e3 Nf6 4. Nf3 Be7 5. d4 O-O 6. Bd3 b6 7. O-O Bb7 8. c5 bxc5 9. Qb3 Bc6 10. dxc5 Nbd7 11. Qc2 Nxc5 12. Be2 Bd7 13. b4 Nce4 14. a3 Nxc3 15. Qxc3 Ne4 16. Qc2 c5 17. Rd1 cxb4 18. Bd3 Rc8 19. Qb1 Nc3 20. Bxh7+ Kh8 21. Qd3 Bb5 22. Qd4 Ne2+ 23. Kf1 Nxd4+ 24. Bd3 Bxd3+ 25. Rxd3 Nxf3 26. gxf3 Qb6 27. h4 Qb5 28. Ke2 Rc3 29. Bb2 Qxd3+ 30. Ke1 Rc2 31. Bxg7+ Kh7 0-1